Is It In Asia? Quiz Stats

 Plays Quiz Updated Apr 5, 2015

Score 0/25 Timer 03:00
14 Plays Today
% Correct
Angkor Wat
90.3%
Taj Mahal
89.8%
Singapore
88.2%
Kyrgyzstan
88%
Kuwait Towers
87.3%
Jakarta
87%
Ganges River
85.7%
Kathmandu
85.6%
The Spring Temple Buddha
84%
Brunei
83.4%
Mecca
82.7%
Honshu
81%
Persian Gulf
80.2%
% Correct
Yellow River
79.4%
Dead Sea
78.1%
K2
76.5%
Borneo
75%
Siberia
73.3%
Caspian Sea
70.6%
Kamchatka
68.2%
Petra
64.9%
Caucasus Mountains
64.4%
Samarkand
50%
Luzon
49.6%
The Bund
27.6%

You're not logged in!

Compare scores with friends on all Sporcle quizzes.
OR
Log In

Show Comments

Extras

Top Quizzes Today


Score Distribution

Your Account Isn't Verified!

In order to create a playlist on Sporcle, you need to verify the email address you used during registration. Go to your Sporcle Settings to finish the process.

Report this User

Report this user for behavior that violates our Community Guidelines.

Details: